| 000 | 00584nam a2200157Ia 4500 | ||
|---|---|---|---|
| 008 | 170221s9999 xx 000 0 und d | ||
| 100 | _aAnteneh Mekuria Tesfaye | ||
| 245 | _aPiggybacking the Traditional Coffee Ceremony as a Participatory Communication Strategy to Resolve Social Problems: an Assessment of Practices in Addis Ababa, Ethiopia | ||
| 245 | _cAnteneh Mekuria Tesfaye | ||
| 260 | _bOnline Journal of Communication and Media Technologies | ||
| 260 | _c2011 | ||
| 300 | _a1 : 4 | ||
| 650 | _xCommunication | ||
| 650 | _xMedia Arts | ||
| 856 | _uhttp://www.ojcmt.net/ | ||
| 999 |
_c307348 _d307348 |
||